Score 0/36 Timer 08:00
0 Plays Today
bet raise % Correct
3June
95.6%
3April
93.1%
3September
92.3%
4Twins
88.8%
3NOVEMBER - 30 Day Months
84.4%
8Quebec
83.1%
6Short Line
82.8%
8Nova Scotia
81%
1Starr
77.1%
2Utah
75.3%
2Colorado
75%
2Arizona
73.8%
8Ontario
73.7%
1Lennon
73.1%
1McCartney
70.2%
5String
69.1%
4Vikings
67.7%
1HARRISON - The Beatles
64.9%
bet raise % Correct
2NEW MEXICO - 4 Corner States
63.4%
6Reading
53.7%
6Pennsylvania
49.3%
4Timberwolves
46.4%
5Woodwind
43.5%
5Percussion
41.2%
6B&O - Original Monopoly railroads
39.5%
5BRASS - Orchestra Sections
38.3%
7Division
34.6%
4WILD - Minnesota Big 4 Sports Teams
31.8%
7Multiplication
31.5%
7Subtraction
31.3%
7ADDITION - Mathematical Operations
31.3%
8NEW BRUNSWICK - Original Canadian Provinces
23.9%
9Europa
23.5%
9Ganymede
15.3%
9IO - Galilean Satellites of Jupiter
13.3%
9Callisto
11.4%
Remove Ads.
Support Sporcle.
Get the best of Sporcle when you Go Orange. This ad-free experience offers more features, more stats, and more fun while also helping to support Sporcle. Thank you for becoming a member.

You're not logged in!

Compare scores with friends on all Sporcle quizzes.
OR
Log In

Show Comments

Extras

Top Quizzes Today


Score Distribution

Your Account Isn't Verified!

In order to create a playlist on Sporcle, you need to verify the email address you used during registration. Go to your Sporcle Settings to finish the process.

Report this User

Report this user for behavior that violates our Community Guidelines.

Details: